000 00388nam a2200145 i 4500
001 bg
245 0 _aĆwiczenia laboratoryjne z fizyki ogólnej :
_bpraca zbiorowa /
_cpod red. V.F. Nozdrieva.
260 _aWarszawa,
_c1974.
700 1 _aNozdrew, W. F.
_eRed.
040 _cBPK
041 _apol
080 _a53(075.8)(076)
942 _cKS
008 s pl f |000 0 pol
999 _c20116
_d20116
856 _uhttp://koha.tu.koszalin.pl/cgi-bin/koha/opac-detail.pl?biblionumber=20116
_yKatalog online BPK